[Event "TUR-chT Clubs"]
[Site "Konya"]
[Date "2019.07.18"]
[Round "5.13"]
[White "Nas, Muhammet Zakir"]
[Black "Dincer, Onuralp"]
[Result "0-1"]
[WhiteElo "1242"]
[BlackElo "1306"]
[PlyCount "120"]
[EventDate "2019.07.16"]
[EventType "team-swiss"]
[EventRounds "9"]
[EventCountry "TUR"]
[SourceTitle "CBM 191 Extra"]
[Source "ChessBase"]
[SourceDate "2019.09.30"]
[SourceVersion "1"]
[SourceVersionDate "2019.09.30"]
[SourceQuality "1"]
[WhiteTeam "Sinop Kultur"]
[BlackTeam "Bolu Dernegi"]
[WhiteTeamCountry "TUR"]
[BlackTeamCountry "TUR"]

1. e4 c6 2. Nc3 d5 3. d3 Nf6 4. Bg5 d4 5. Nce2 Qa5+ 6. Qd2 Qb6 7. Bxf6 exf6 8. c3 c5 9. a3 Nc6 10. Rb1 dxc3 11. Nxc3 Nd4 12. Nge2 Qd8 13. Nxd4 Qxd4 14. Nd5 Bd6 15. Qc3 Qxc3+ 16. Nxc3 Be6 17. Nb5 Be5 18. Nc3 0-0 19. Be2 Rfd8 20. 0-0 b6 21. Nd5 Bxd5 22. exd5 a5 23. Rfd1 Rd6 24. b3 Rad8 25. Bf3 b5 26. Rbc1 Bd4 27. Rc2 Re8 28. h3 b4 29. a4 Kf8 30. Kf1 Re5 31. Rc4 f5 32. Re1 Rxe1+ 33. Kxe1 Ke7 34. Ke2 f4 35. g3 fxg3 36. fxg3 Rh6 37. Bg2 Rf6 38. Rc2 Rf2+ 39. Kd1 Rxc2 40. Kxc2 Kd6 41. Kd2 Bf2 42. g4 Ke5 43. Ke2 Bg3 44. Ke3 Bh2 45. Kf2 Kd4 46. Ke2 Kc3 47. d4 cxd4 48. Be4 h6 49. d6 Bxd6 50. Bd5 Kc2 51. Bc4 Kc3 52. Kd1 f6 53. h4 g6 54. Bf7 Bg3 55. g5 hxg5 56. hxg5 fxg5 57. Bxg6 Kxb3 58. Bc2+ Kc3 59. Be4 Kb2 60. Bc2 Bf4 0-1

[Event "TUR-chT Clubs"]
[Site "Konya"]
[Date "2019.07.17"]
[Round "2.18"]
[White "Dincer, Onuralp"]
[Black "Hazar, Yahya"]
[Result "0-1"]
[WhiteElo "1306"]
[BlackElo "1443"]
[PlyCount "102"]
[EventDate "2019.07.16"]
[EventType "team-swiss"]
[EventRounds "9"]
[EventCountry "TUR"]
[SourceTitle "CBM 191 Extra"]
[Source "ChessBase"]
[SourceDate "2019.09.30"]
[SourceVersion "1"]
[SourceVersionDate "2019.09.30"]
[SourceQuality "1"]
[WhiteTeam "Bolu Dernegi"]
[BlackTeam "Nigde"]
[WhiteTeamCountry "TUR"]
[BlackTeamCountry "TUR"]

1. d4 d5 2. Nf3 Nc6 3. Bf4 Nf6 4. e3 Bf5 5. Bd3 Ne4 6. Nbd2 e6 7. 0-0 Bd6 8. Bg3 Nxg3 9. hxg3 Bxd3 10. cxd3 0-0 11. Qb3 b6 12. Rac1 Ne7 13. e4 c6 14. Rfe1 Rc8 15. a3 Ng6 16. Qa4 Qd7 17. Rc3 f6 18. Rec1 Ne7 19. Nf1 Qb7 20. Ne3 e5 21. Qb3 exd4 22. Nxd4 Be5 23. Ne6 Bxc3 24. Nxf8 Kxf8 25. Qxc3 dxe4 26. dxe4 Rd8 27. Rc2 c5 28. f3 Ng6 29. Rd2 Qc7 30. Kf2 Ne5 31. Nd5 Qf7 32. Ne3 Rd7 33. Qc1 Nd3+ 34. Rxd3 Rxd3 35. Nd5 Qd7 36. Qc2 Qb5 37. Qc1 Rb3 38. Qf4 Rxb2+ 39. Kg1 Rb1+ 40. Kh2 Qe8 41. Qd6+ Kg8 42. Ne7+ Kh8 43. g4 c4 44. e5 fxe5 45. Qxe5 Qf8 46. Nf5 Rd1 47. f4 Rd7 48. Qe6 Rc7 49. Qe5 Qd8 50. g5 c3 51. Nh6 c2 0-1